Maximum illumination control system for photovoltaic panels orientation; Информационно-измерительная техника и технологии

Xehetasun bibliografikoak
Parent link:Информационно-измерительная техника и технологии.— 2014.— [P. 234-241]
Erakunde egilea: Национальный исследовательский Томский политехнический университет (ТПУ) Институт неразрушающего контроля (ИНК) Кафедра физических методов и приборов контроля качества (ФМПК)
Beste egile batzuk: Tanygin S. V., Kitaeva M. V. Mariya Valerievna, Ohorzina A. V., Yurchenko A. V. Aleksey Vasilievich
Gaia:Заглавие с экрана
The article describes the solar tracker for photovoltaic panels and energy systems based on such devices. The authors introduce the results of calculations of the solar tracker application effectiveness for solar energy systems and the results of the field testing in Tomsk.
Hizkuntza:ingelesa
Argitaratua: 2014
Gaiak:
Sarrera elektronikoa:http://earchive.tpu.ru/handle/11683/23369
http://www.lib.tpu.ru/fulltext/c/2014/C18/041.pdf
Formatua: Baliabide elektronikoa Liburu kapitulua
KOHA link:https://koha.lib.tpu.ru/cgi-bin/koha/opac-detail.pl?biblionumber=613959

MARC

LEADER 00000naa2a2200000 4500
001 613959
005 20240222102152.0
035 |a (RuTPU)RU\TPU\conf\12117 
035 |a RU\TPU\conf\12113 
090 |a 613959 
100 |a 20150904d2014 k y0rusy50 ba 
101 0 |a eng 
102 |a RU 
105 |a y z 100zy 
135 |a drgn ---uucaa 
181 0 |a i  
182 0 |a b 
200 1 |a Maximum illumination control system for photovoltaic panels orientation  |f S. V. Tanygin, M. V. Kitaeva, A. V. Ohorzina, A. V. Yurchenko 
203 |a Текст  |c электронный 
215 |a 1 файл (647 Кб) 
300 |a Заглавие с экрана 
320 |a [References: p. 240-241 (5 tit.)] 
330 |a The article describes the solar tracker for photovoltaic panels and energy systems based on such devices. The authors introduce the results of calculations of the solar tracker application effectiveness for solar energy systems and the results of the field testing in Tomsk. 
337 |a Adobe Reader 
463 1 |0 (RuTPU)RU\TPU\conf\11900  |t Информационно-измерительная техника и технологии  |o материалы V научно-практической конференции, Томск, 19-23 мая 2014 г.  |f Национальный исследовательский Томский политехнический университет (ТПУ) ; под ред. А. В. Юрченко  |v [P. 234-241]  |d 2014 
610 1 |a электронный ресурс 
610 1 |a труды учёных ТПУ 
610 1 |a освещение 
610 1 |a трекеры 
610 1 |a фотоэлектрические панели 
610 1 |a энергетические системы 
610 1 |a солнечные трекеры 
701 1 |a Tanygin  |b S. V. 
701 1 |a Kitaeva  |b M. V.  |c specialist in the field of instrumentation  |c engineer of Tomsk Polytechnic University  |f 1988-  |g Mariya Valerievna  |3 (RuTPU)RU\TPU\pers\35092 
701 1 |a Ohorzina  |b A. V. 
701 1 |a Yurchenko  |b A. V.  |c physicist  |c Professor of Tomsk Polytechnic University, Doctor of Technical Sciences  |f 1974-  |g Aleksey Vasilievich  |y Tomsk  |3 (RuTPU)RU\TPU\pers\35053  |9 18328 
712 0 2 |a Национальный исследовательский Томский политехнический университет (ТПУ)  |b Институт неразрушающего контроля (ИНК)  |b Кафедра физических методов и приборов контроля качества (ФМПК)  |3 (RuTPU)RU\TPU\col\18709 
801 1 |a RU  |b 63413507  |c 20101016 
801 2 |a RU  |b 63413507  |c 20210514  |g RCR 
856 4 |u http://earchive.tpu.ru/handle/11683/23369 
856 4 |u http://www.lib.tpu.ru/fulltext/c/2014/C18/041.pdf 
942 |c BK